| 000 | 00768nam a2200229 a 4500 | ||
|---|---|---|---|
| 005 | 20240911064249.0 | ||
| 008 | 991125s1997 sev 000 0 spa u | ||
| 020 | _a8487118003 | ||
| 035 | _aUPN01000011388 | ||
| 049 | _aCG | ||
| 050 | 4 |
_aQ181.3 _bC6.6 1997 |
|
| 245 | 0 | 0 |
_aConstructivismo y enseñanza de las ciencias / _ccomps., Rafael Porlán, J. Eduardo García, Pedro Cañal. |
| 250 | _a4a ed. | ||
| 260 |
_aSevilla, (Esp.) : _bDíada, _c1997. |
||
| 300 | _a201 p. | ||
| 440 | 0 |
_aInvestigación y enseñanza. _pFundamentos ; _v2 |
|
| 590 | _a(También localizas un ejemplar en el "Area de Reserva") | ||
| 590 | _aBibliografía Básica (BGTQ) | ||
| 650 | 4 |
_aCiencia _xEstudio y enseñanza _96354 |
|
| 650 | 4 |
_aTeoría del conocimiento _91707 |
|
| 905 | _aLibro | ||
| 999 |
_c11388 _d11388 |
||